| 000 | 00454nam a2200121Ia 4500 | ||
|---|---|---|---|
| 008 | 220620s9999||||xx |||||||||||||| ||und|| | ||
| 100 | _aCarl Freter||Chunfa Huang | ||
| 245 | 0 | _aCholesterol Lowering Therapies and Drugs | |
| 546 | _aEnglish[eng] | ||
| 650 | _aMedicine||Cardiology and Cardiovascular Medicine||Cardiac Electrophysiology||Health Sciences | ||
| 856 | _uhttps://www.intechopen.com/books/cholesterol-lowering-therapies-and-drugs | ||
| 942 | _cEB | ||
| 999 |
_c31437 _d31437 |
||